Engineering Graphics I (Record no. 306883)

MARC details
000 -LEADER
fixed length control field 00397nam a2200157Ia 4500
008 - FIXED-LENGTH DATA ELEMENTS--GENERAL INFORMATION
fixed length control field 230718s9999 xx 000 0 und d
041 ## - LANGUAGE CODE
Language code of text/sound track or separate title eng
082 ## - DEWEY DECIMAL CLASSIFICATION NUMBER
Classification number 604.2
Item number KUM
100 ## - MAIN ENTRY--PERSONAL NAME
Personal name Kumar A.
9 (RLIN) 111386
245 ## - TITLE STATEMENT
Title Engineering Graphics I
260 ## - PUBLICATION, DISTRIBUTION, ETC. (IMPRINT)
Date of publication, distribution, etc. 2004
Name of publisher, distributor, etc. Tech Max Publications
300 ## - PHYSICAL DESCRIPTION
Extent 838
365 ## - TRADE PRICE
Currency code Rs.
Price amount 395.00
700 ## - ADDED ENTRY--PERSONAL NAME
Personal name Kumar A.
9 (RLIN) 111386
906 ## - LOCAL DATA ELEMENT F, LDF (RLIN)
d B:1970701-Mar-2004
c ALLEDS
Holdings
Withdrawn status Lost status Damaged status Not for loan Home library Current library Date acquired Vendor Budget Code Cost, normal purchase price Bill number Full call number Barcode Date last seen Cost, replacement price Bill Date Koha item type Original Barcode
Withdrawn       Cummins College of Engineering for Women Pune Cummins College of Engineering for Women Pune 03/03/2004 Pradeep Book Distributors ALLEDS 395.00 19707 604.2 CCEP-BK-18090 18/07/2023 395.00 01/03/2004 Books 018090